000 00327nam a2200157Ia 4500
100 _aLuthans/ Fred
250 _a3
942 _cBK
654 _aorganisational
245 _aOrganisational Behaviour
260 _bMc Graw Hill Int
_c1981
082 _a302.35
_bLUT
300 _a666
546 _aENGLISH
999 _c29637
_d29637